| 000 | 00578nam a22001697a 4500 | ||
|---|---|---|---|
| 020 | _qHard Cover. | ||
| 082 | _a621.3 | ||
| 100 | _aHijaz, Farrukh | ||
| 245 |
_aProduction and Operation Management: _bPlanning Engineering/Project Management / |
||
| 260 |
_aIslamabad: _bSEECS - NUST, _c2006. |
||
| 300 |
_a`45 p. : _bill. ; _c30cm. |
||
| 650 |
_aElectrical Engineering-Project Report. _930780 |
||
| 700 |
_aMuhammad Yousaf. _915771 |
||
| 856 | _uhttp://10.250.8.41:8080/xmlui/handle/123456789/29654 | ||
| 942 |
_2ddc _cPR |
||
| 999 |
_c536192 _d536192 |
||